000 00362nam a2200157Ia 4500
008 100122s9999 xx 000 0 und d
082 _b75679
_aB823
100 _aWILSON ROSE
245 _aALADDIN AND MAGIC LAMP
250 _a1
260 _c2006
300 _a16
630 _aALADDIN AND MAGIC LAMP
730 _aALADDIN AND MAGIC LAMP
942 _cBOOK
999 _c391858
_d391855